Statistics for Chronological Order of the MCU!

Click here to take the quiz!

General Stats

  • This quiz has been taken 53 times
  • The average score is 49 of 74

Answer Stats

StatusYearTimeAnswerPhaseCompany (s)% Correct
Movie20111943-1945Captain America: The First Avenger1Paramount
100%
Movie20082008Iron Man1Paramount
100%
Movie20122012Marvel's The Avengers1Paramount/ Universal
100%
Movie20082008The Incredible Hulk1Universal/ Paramount
100%
Streaming MiniseriesTBDTBDWolverine V.S. HulkTBDDisney/ Universal/ 20th Century Fox
100%
Movie20102009Iron Man 21Paramount
98%
Movie20132012Iron Man 32Paramount/ Universal
98%
Streaming Miniseries20212023The Falcon and the Winter Soldier4Disney (Plus)/ 20th Century Fox
98%
Movie20112009Thor1Paramount
98%
Movie20152015Avengers: Age of Ultron2Disney/ Universal
95%
Movie20172017Spider-Man: Homecoming3Disney/ Sony
95%
Movie20132013Thor: The Dark World2Disney
95%
Movie20192018- 2023Avengers: Endgame3Disney/ Sony/ Universal
93%
Movie20182018Avengers: Infinty War3Disney/ Universal/ Sony
93%
Movie20162016Captain America: Civil War3Disney/ Sony/ Universal
93%
Movie20142014Guardians of the Galaxy2Disney
93%
Movie20192023Spider-Man: Far From Home3Sony/ Disney
93%
Movie20172018Thor: Ragnarok3Disney/ Universal
93%
Streaming Miniseries20212023WandaVision4Disney (Plus)/ 20th Century Fox
93%
Movie20152015Ant-Man2Disney
90%
Movie2021TBDBlack Widow4Disney (Plus (Premier Access))
90%
Movie20191995Captain Marvel3Disney/ Universal
90%
Movie20162017Doctor Strange3Disney
90%
Movie20172014Guardians of the Galaxy Vol. 23Disney
90%
Streaming Special20222023Guardians of the Galaxy: The Holiday Special4Disney (Plus)
88%
Streaming SeriesTBD-TBDWakandaTBDDisney (Plus)
88%
Movie20182018Ant-Man and the Wasp3Disney
85%
Movie20182016Black Panther3Disney
85%
Movie20142014Captain America: The Winter Soldier2Disney
83%
Movie20222024Doctor Strange in the Multiverse of Madness4Disney/ Sony/ 20th Centruy Fox
83%
Streaming Series2021-TBDLoki4Disney (Plus)
83%
Movie20212023Spider-Man: No Way Home4Disney/ Sony/ 20th Century Fox
83%
Streaming Series2021-2023Hawkeye4Disney (Plus)
76%
Movie20222024Thor: Love and Thunder4Disney
76%
Movie2021TBDShang-Chi and the Legend of the Ten Rings4Disney
71%
Movie2021TBDThe Eternals4Disney
71%
Streaming Animated Series2021-1943- TBDWhat If...?4Disney (Plus)
68%
Series2013-20202013-2020Marvel's Agents of S.H.I.E.L.D.2Disney/ ABC
66%
Streaming Series2015-20182015-2018Daredevil2Disney/ Netflix
63%
Movie20232023Guardians of the Galaxy Vol. 35Disney
63%
Streaming Series2017-20182017-2018Iron Fist3Netflix/ Disney
63%
Series2015-20161948-1949Agent Carter2Disney/ ABC
61%
Short (One-Shot)20141947Agent Carter1Paramount
61%
MovieTBDTBDAnt-Man and the Wasp: Quantumania4Disney/ 20th Century Fox
61%
MovieTBDTBDBlack Panther II5Disney
61%
Streaming Series2015-20192015-2019Jessica Jones2Disney/ Netflix
61%
Streaming Series2021-2023Ms. Marvel4Disney
61%
Streaming Series2016-20182016-2018Luke Cage3Netflix/ Disney
59%
Streaming Series2022-TBDShe-Hulk4Disney (Plus)/ Universal
59%
Streaming Miniseries20172017The Defenders3Disney/ Netflix
59%
MovieTBDTBDFantastic Four5Disney/ 20th Century Fox
56%
Streaming Series2017-20192017-2019The Punisher3Disney/ Netflix
56%
Streaming Short Series2022-2014I Am Groot4Disney (Plus)
54%
MovieTBDTBDX-MenTBDDisney/ 20th Century Fox
54%
MovieTBDTBDBlade5Disney/ 20th Century Fox
46%
Movie2022TBDCaptain Marvel 24Disney
46%
Streaming SeriesTBD-TBDMoon Knight4Disney (Plus)
46%
Streaming MiniseriesTBD-TBDArmor WarsTBDDisney (Plus)
44%
Streaming SeriesTBD-TBDIronheartTBDDisney (Plus)
44%
Streaming Series2017-20192017-2019The Runaways3Disney/ Hulu
44%
Series2018-20192016-2018Cloak and Dagger3Disney/ Freeform
41%
Series20172017The Inhumans3Disney/ ABC
39%
Streaming MiniseriesTBD-TBDSecret InvasionTBDDisney (Plus)
37%
Short (One-Shot)20132013All Hail the King2Paramount
32%
MovieTBDTBDDeadpool 35Disney/ 20th Century Fox
29%
Series2020-20212018Helstrum3Disney/ Freeform
27%
Short (One-Shot)20132009A Funny Thing Happened on the Way to Thor's Hammer1Paramount
22%
Short (One-Shot)20132008The Consultant1Paramount
22%
Short (One-Shot)20132013Item 471Paramount
20%
Streaming Animated SeriesTBD-TBDFury Files4Disney (Plus)
17%
Streaming Short Series2021-1944- 2023Marvel LEGENDS4Disney (Plus)
17%
Short Series2015-20162015-2016WHIH Newsfront with Christine Everhart2Disney/ YouTube
12%
Short20192023Peter's To-do List3Sony/ Disney
7%
MovieTBDTBDFantastic Four V.S. the X-MenTBDDisney/ 20th Century Fox
5%

Score Distribution

Percentile by Number Answered

Percent of People with Each Score

Your Score History

You have not taken this quiz